| 000 | 00396cam a2200157ua 4500 | ||
|---|---|---|---|
| 041 |
_aeng _h |
||
| 082 |
_a828.09 _bLEE/JO |
||
| 100 | _aLeech, Clifford . | ||
| 245 |
_aJohn Ford And the Drama of his Time / _cClifford Leech. _hTextual Documents |
||
| 250 |
_a1 / _b. |
||
| 260 |
_aLondon : _bChatto & wendus , _c1957. |
||
| 300 | _a144 ; . | ||
| 504 | _a | ||
| 942 | _cBK | ||
| 999 |
_c3067 _d3067 |
||